000 00671nam a2200205Ia 4500
003 GCL
008 140319s9999 xx 000 0 ara d
040 _aGCL /
_cGCL
082 0 4 _a330.1
_bر ف
100 1 _aرمزى زكى
245 1 0 _aفكر الازمة - دراسة فى ازمة علم الاقتصاد الراسمالى والفكر التنموى العربى /
_cرمزى زكى
260 _a[S.N] :
_bمكتبة مدبولى ،
_c1987
300 _a1219 ص
490 _a
650 0 4 _aالاقتصاد
650 0 4 _aالتكامل الاقتصادى
650 0 4 _aالاقتصاد الدولى
650 0 4 _aالراسمالية
942 _2ddc
_cBK
999 _c30960
_d30960